Educational technology : (Record no. 20038)
[ view plain ]
| 000 -LEADER | |
|---|---|
| fixed length control field | 00477nam a22001457a 4500 |
| 008 - FIXED-LENGTH DATA ELEMENTS--GENERAL INFORMATION | |
| fixed length control field | 230307b |||||||| |||| 00| 0 eng d |
| 020 ## - INTERNATIONAL STANDARD BOOK NUMBER | |
| International Standard Book Number | 978-8122421583 |
| 050 ## - LIBRARY OF CONGRESS CALL NUMBER | |
| Classification number | LB1028.3 |
| Item number | .k86 2008 |
| 100 ## - MAIN ENTRY--PERSONAL NAME | |
| Personal name | Kumar, K. L. |
| 245 ## - TITLE STATEMENT | |
| Title | Educational technology : |
| Remainder of title | A practical textbook for students, teachers, professionals and trainers-/ |
| Statement of responsibility, etc. | K. L. Kumar |
| 250 ## - EDITION STATEMENT | |
| Edition statement | 2nd rev. ed. |
| 260 ## - PUBLICATION, DISTRIBUTION, ETC. (IMPRINT) | |
| Place of publication, distribution, etc. | New Delhi |
| Name of publisher, distributor, etc. | New age international limited |
| Date of publication, distribution, etc. | 2008 |
| 300 ## - PHYSICAL DESCRIPTION | |
| Extent | xix, 345p. |
| 942 ## - ADDED ENTRY ELEMENTS (KOHA) | |
| Source of classification or shelving scheme | Library of Congress Classification |
| Koha item type | General Collection |
| Withdrawn status | Lost status | Source of classification or shelving scheme | Not for loan | Home library | Current library | Date acquired | Cost, normal purchase price | Inventory number | Total Checkouts | Full call number | Barcode | Date last seen | Date last checked out | Copy number | Price effective from | Koha item type |
|---|---|---|---|---|---|---|---|---|---|---|---|---|---|---|---|---|
| Library of Congress Classification | Kabarak, Main Campus | Kabarak, Main Campus | 07/03/2023 | 4771.00 | 2162/2022 | 1 | LB1028.3 .k86 2008 C.1 | 34742 | 14/08/2023 | 05/08/2023 | C.1 | 07/03/2023 | General Collection |